| 000 | 00676nam a22002537a 4500 | ||
|---|---|---|---|
| 003 | OSt | ||
| 005 | 20220107122807.0 | ||
| 008 | 151006b xxu||||| |||| 00| 0 eng d | ||
| 020 | _a9789332901384 | ||
| 040 | _cIIITMK | ||
| 082 | _a005.74 SIL/D;6 | ||
| 100 |
_aSilberschatz, Abraham. _97993 |
||
| 245 |
_aDatabase system concepts _cSilberschatz, Abraham |
||
| 250 | _a6th | ||
| 260 |
_aNew York, _bMcGraw Hill, _c2013. |
||
| 300 | _axxvi, 1349p. | ||
| 650 |
_aCOMPUTER SCIENCE _97994 |
||
| 650 |
_aDATABASE _97995 |
||
| 650 |
_aDATABASE SYSTEMS _97996 |
||
| 650 |
_aDBMS _97997 |
||
| 700 |
_aKorth, Henry F. _97998 |
||
| 700 |
_aSudarsan, S. _97999 |
||
| 942 |
_2ddc _cBK |
||
| 999 |
_c4873 _d4873 |
||